000 00924pam a2200277 a 4500
999 _c4642
_d4642
020 _a0721673090
060 1 0 _aWU 113
_bB973d 1999
082 0 0 _a617.6
_221
100 1 _aBurt, Brian A.
245 1 0 _aDentistry, dental practice, and the community /
250 _a5th ed.
260 _aPhiladelphia :
_bSaunders,
_cc1999.
300 _ax, 384 p. :
_bill. ;
_c26 cm.
504 _aIncludes bibliographical references and index.
650 0 _aDentistry
_vDental public health.
650 0 _aDentistry
650 1 2 _aPublic Health Dentistry.
650 2 2 _aPreventive Dentistry.
_vIMDC
700 1 _aEklund, Stephen A.
700 1 _aIsmail, Amid I.
906 _a7
_bcbc
_corignew
_d1
_eocip
_f19
_gy-gencatlg
942 _2ddc
_cBK